La protection du crǎncier saisissant

Detalles Bibliográficos
Autor principal: Sene, Michel Guedji
Formato: eBook
Publicado: Pars̕: Éditions Universitaires Europěnes, 2019
Materias:
Acceso en línea:Acceso restringido

MARC

LEADER 00000nam a22000007a 4500
005 20191005002517.0
007 cr|||| ||||
008 191005s2019 fr |||||s|||| 00||0 fra d
020 |a 9786138491262 
035 |a 29356 
040 |a vLex 
090 |c 9729  |d 9729 
100 1 |a Sene, Michel Guedji 
245 1 2 |a La protection du crǎncier saisissant  |h [Recurso electrn̤ico] /  |c Michel Guedji Sene 
256 |a Servicio en ln̕ea 
260 |a Pars̕:  |b Éditions Universitaires Europěnes,  |c 2019 
300 |a 1 recurso electrn̤ico 
500 |a Face ̉la multiplication des droits visant ̉protǧer le db̌iteur dans le cadre du contentieux de l'exčution, il est paru nčessaire de mettre sur la table la question de la protection du crǎncier saisissant. Une lecture du droit OHADA de l'exčution permet ainsi de voir que le crǎncier saisissant est protǧ ̌d'une part ̉travers l’encadrement des moyens de df̌ense du db̌iteur et d'autre part par la mise en place de garanties relativement ̉la mise en œuvre du droit ̉l’exčution du crǎncier. Aprs̈ analyse, il apparat̋ que l'q̌uilibre doit t̊re trouv ̌entre les intřt̊s du db̌iteur et ceux du crǎncier car en df̌initive c'est pour ce dernier que l'exčution ̉ť ̌mis en place; mm̊e si l'impřatif de respect des droits de la df̌ense ne doit t̊re mčonnu ǧalement. 
506 1 |a Disponible solo en los productos indicados  |d vLex Global  |d vLex Global (Academic Edition, excluding Law Schools)  |d vLex Global (U.S. Academic Edition, Law Schools)  |d vLex Global (U.S. Academic Edition, excluding Law Schools)  |d vLex Global (Academic Edition, Law Schools) 
650 0 4 |a Derecho Civil  |z Francia 
740 0 |a vLex Libros (Servicio en ln̕ea) 
856 4 0 |u http://vlex.com/source/29356  |z Acceso restringido 
942 |c BOOK 
999 0 |a Civil Law